00321nam a22001217a 450000500170000002000180001710000140003524500520004926000410010130000150014265000240015770000180018120251024100539.0 a9789814374859 aCao, Gang aFrontiers of 4d- and 5d-transition metal oxides aSingapore:bWorld Scientific,c2013. aviii,319p. aStates of matter  aDelong, Lance